000 01191nam a2200229Ia 4500
001 L230-5663
003 IT-CnALBA
008 170116s9999||||xx |||||||||||||| ||und||
040 _aIT-CnALBA
_cIT-CnALBA
041 _aITALIANO
100 _aMOHLEN ERIBERTO
245 0 _aUNA MYSTICA PERSONA.
250 _a1a ed.
260 _a ROMA
_bCITTÀ NUOVA EDITRICE
_c1968 [1° Ed.:1968 - Ed.Ling.Originale: 1962]
300 _a766 p. (prefazione: 19)
500 _aCHIESA MISTERO DELLO SPIRITO SANTO. UNA PERSONA E MOLTE PERSONE. TRADUZIONE DAL TEDESCO DI CORTI GUGLIELMO. INDICE DELLE MATERIE. INDICE BIBLICO. BIBLIOGRAFIA. UNA MYSTICA PERSONA. UNA PERSONA E MOLTE PERSONE: NELLA BIBBIA, NELLA TEOLOGIA. DOTTRINA DEL VA
501 _aSocietà San Paolo EM - Piazza San Paolo, 14 - 12051 ALBA (CN) (non commercial uses only) ® Copyright 2017
520 _aCHIESA MISTERO DELLO SPIRITO SANTO. UNA PERSONA E MOLTE PERSONE. TRADUZIONE DAL TEDESCO DI CORTI GUGLIELMO. INDICE DELLE MATERIE. INDICE BIBLICO. BIBLIOGRAFIA. UNA MYSTICA PERSONA. UNA PERSONA E MOLTE PERSONE: NELLA BIBBIA, NELLA TEOLOGIA. DOTTRINA DEL VA
650 _aDOGMATICA CRISTIANA
942 _cBK
957 _71
999 _a6642
_bNO
_g Copie: 1
_c264848
_d264848